Enid y el secreto del acantilado / (Registro nro. 11723)

Detalles MARC
000 -LIDER
fixed length control field 01117cam a22003373a 4500
001 - NÚMERO DE CONTROL
Identificador de número de control 0000762
003 - IDENTIFICACDOR DE NÚMERO DE CONTROL
control field DO-SdBNP
005 - DATE AND TIME OF LATEST TRANSACTION
control field 20180125102842.0
007 - CAMPOS FIJOS DE DESCRIPCIÓN FÍSICA
fixed length control field 0000762
008 - ELEMENTOS DE LONGITUD FIJA
fixed length control field 861112 2004 sp a 000 0 spa d
010 ## - NUMERO DE CONTROL DE BIBLIOTECA DEL CONGRESO
LC control number
020 ## - ISBN
International Standard Book Number 8420400920
040 ## - FUENTE DE CATALOGACIÓN
Agencia que crea de manera original el registro BPMSU
Agencia que realiza la transcripción spa
Agencia que realiza la modificación BPMSU
--
100 1# - ASIENTO PRINCIPAL -- NOMBRE PERSONAL
Nombre personal Ferdjoukh, Malika
Fechas asociadas con el nombre 1957-
245 10 - MENCIÓN DE TITULO
Título Enid y el secreto del acantilado /
Mención de responsabilidad Malika Ferdjoukh ; ilustraciones Elena Odriozola ; traducción Isabel González Gallarza
260 ## - PUBLICACIÓN, DISTRIBUCIÓN, ETC. (PIE DE IMPRENTA)
Lugar de publicación, distribución, etc Madrid, España :
Nombre del editor, distribuidor, etc. Alfaguara,
-- Santillana ediciones generales,
Fecha de publicación, distribución, etc 2004.
300 ## - DESCRIPCIÓN FÍSICA
Extensión 150 p. :
Otros detalles físicos il.
Dimensiones 20 cm.
490 0# - MENCIÓN DE SERIES
Mención de serie Próxima parada Alfaguara
490 0# - MENCIÓN DE SERIES
Mención de serie Cuatro hermanas
500 ## - NOTA GENERAL
Nota general Incluye datos biográficos de la autora.
500 ## - NOTA GENERAL
Nota general Literatura para niños a partir de los 12 años.
521 ## - TARGET AUDIENCE NOTE
Target audience note Para niños a partir de 12 años.
600 00 - ENCABEZAMIENTO DE MATERIA--NOMBRE PERSONAL
Nombre personal
Subdivisión temática general
700 12 - ASIENTO SECUNDARIO -- NOMBRE PERSONAL
Nombre personal Odriozola, Elena
Mención de responsabilidad il.
700 12 - ASIENTO SECUNDARIO -- NOMBRE PERSONAL
Nombre personal González Gallarza, Isabel
Mención de responsabilidad trad.
830 #0 - ASIENTO SECUNDARIO DE SERIE--TÍTULO UNIFORME
Título uniforme Próxima parada Alfaguara
830 #0 - ASIENTO SECUNDARIO DE SERIE--TÍTULO UNIFORME
Título uniforme Cuatro hermanas
942 ## - ADDED ENTRY ELEMENTS (KOHA)
Source of classification or shelving scheme Dewey Decimal Classification
Koha item type Libros
945 ## - INFORMACIÓN DE PROCESAMIENTO LOCAL
Información de procesamiento local inventariado, 2018 / dg
956 ## - LOCAL ELECTRONIC LOCATION AND ACCESS (OCLC)
Método de acceso YLOCKWARD
Materiales especificados 10
Campo enlazado y núm. de secuencia BPMSU
Existencias
Withdrawn status Lost status Source of classification or shelving scheme Damaged status Not for loan Collection code Home library Current library Date acquired Source of acquisition Total Checkouts Barcode Date last seen Price effective from Koha item type Copy number
    Dewey Decimal Classification     Colección Juvenil General Biblioteca Pública Metropolitana Salomé Ureña Biblioteca Pública Metropolitana Salomé Ureña 10/28/2016 Donado por Alfaguara   BPMSU16100431 10/28/2016 10/28/2016 Libros  
    Dewey Decimal Classification     Colección Juvenil General Biblioteca Pública Metropolitana Salomé Ureña Biblioteca Pública Metropolitana Salomé Ureña 10/28/2016 Donado por Alfaguara   BPMSU16100432 10/28/2016 10/28/2016 Libros e. 2
    Dewey Decimal Classification     Colección Juvenil General Biblioteca Pública Metropolitana Salomé Ureña Biblioteca Pública Metropolitana Salomé Ureña 10/28/2016 Donado por Alfaguara   BPMSU16100433 10/28/2016 10/28/2016 Libros e. 3